تحميل...
Basic Methods Of Cryptography
| المؤلف الرئيسي: | |
|---|---|
| التنسيق: | Printed Book |
| منشور في: |
Cambridge University Press
1998
|
| LEADER | 00445nam a2200133 4500 | ||
|---|---|---|---|
| 020 | |a 0-521-55559-0 | ||
| 082 | |a 005.82 | ||
| 100 | |a Vander Lubbe, Jan C A | ||
| 245 | |a Basic Methods Of Cryptography |c Steve Gee |h [Text] | ||
| 260 | |b Cambridge University Press |c 1998 | ||
| 300 | |a Project report | ||
| 942 | |c BK | ||
| 999 | |c 82213 |d 82213 | ||
| 952 | |0 0 |1 0 |4 0 |6 005_820000000000000 |7 0 |9 74361 |a SOCS |b SOCS |d 2015-06-11 |g 6.75 |l 0 |o 005.82 |p SOCS1571 |r 2015-06-11 |w 2015-06-11 |y BK | ||